[Event "GER-chT U14 Girls"]
[Site "Burg Stargard"]
[Date "2006.12.28"]
[Round "4.4"]
[White "Baehr, Madeleine"]
[Black "Kammrad, Caroline"]
[Result "0-1"]
[WhiteElo "865"]
[BlackElo "700"]
[PlyCount "94"]
[EventDate "2006.12.27"]
[EventType "team-swiss"]
[EventRounds "7"]
[EventCountry "GER"]
[SourceTitle "EXT 2008"]
[Source "ChessBase"]
[SourceDate "2007.11.25"]
[SourceVersion "1"]
[SourceVersionDate "2007.11.25"]
[SourceQuality "1"]
[WhiteTeam "Leipzig Lindenau U14 Girls"]
[BlackTeam "Dresden Gruen Weiss U14 Girls"]
[WhiteTeamCountry "GER"]
[BlackTeamCountry "GER"]

1. e4 c5 2. Nf3 Nc6 3. Bc4 d6 4. Ng5 e6 5. Qf3 Qxg5 6. d4 Qxc1+ 7. Qd1 Qxd1+ 8. Kxd1 Nxd4 9. Na3 Nf6 10. Bd3 Be7 11. Re1 Ng4 12. f3 Ne5 13. f4 Nxd3 14. cxd3 0-0 15. e5 b6 16. Nc4 dxe5 17. fxe5 Bb7 18. g3 Bf3+ 19. Kd2 b5 20. Nd6 Bg5+ 21. Kc3 b4+ 22. Kc4 Nc2 23. Kxc5 Nxa1 24. Rxa1 Be7 25. Kxb4 Bxd6+ 26. exd6 Rfd8 27. Rf1 Bd5 28. h4 Rxd6 29. g4 Rb8+ 30. Kc3 Rc6+ 31. Kd2 Rxb2+ 32. Ke3 Rxa2 33. Rg1 Ra4 34. h5 f5 35. gxf5 exf5 36. Rg5 f4+ 37. Kf2 Bf7 38. Rb5 g6 39. h6 Rc8 40. Rb7 Rf8 41. Rd7 Be6 42. Rg7+ Kh8 43. Re7 Bg4 44. Rc7 Ra2+ 45. Kf1 f3 46. d4 f2 47. Re7 Bh3# 0-1

[Event "Sachsen-ch U14 Girls"]
[Site "Sebnitz"]
[Date "2006.04.22"]
[Round "7"]
[White "Baehr, Madeleine"]
[Black "Schumer, Claudia"]
[Result "1-0"]
[WhiteElo "864"]
[BlackElo "881"]
[PlyCount "65"]
[EventDate "2006.04.18"]
[EventType "swiss"]
[EventRounds "7"]
[EventCountry "GER"]
[SourceTitle "EXT 2007"]
[Source "ChessBase"]
[SourceDate "2006.11.23"]
[SourceVersion "1"]
[SourceVersionDate "2006.11.23"]
[SourceQuality "1"]

1. e4 e5 2. Nf3 Nc6 3. Bc4 Bc5 4. Nc3 Nf6 5. Ng5 0-0 6. d3 h6 7. Nf3 d6 8. h3 Qe8 9. Nd5 Nxd5 10. Bxd5 Be6 11. Bxc6 Qxc6 12. Nh4 Bb6 13. 0-0 d5 14. Nf5 Qd7 15. Qg4 g6 16. Nxh6+ Kh8 17. Qh4 Kg7 18. Ng4 Bxg4 19. hxg4 Rh8 20. Qg3 Qe6 21. Be3 Bxe3 22. fxe3 dxe4 23. dxe4 Rad8 24. g5 Rd2 25. Rac1 Qxa2 26. Qxe5+ Kg8 27. Rfd1 Rxd1+ 28. Rxd1 Kh7 29. Qh2+ Kg7 30. Qe5+ Kh7 31. Kf2 Qe6 32. Rh1+ Kg8 33. Qxh8# 1-0

[Event "GER-chT U14 Girls"]
[Site "Dittrichshuette"]
[Date "2005.12.29"]
[Round "6.3"]
[White "Wichtmann, Barbara"]
[Black "Baehr, Madeleine"]
[Result "1-0"]
[WhiteElo "1050"]
[BlackElo "933"]
[PlyCount "87"]
[EventDate "2005.12.27"]
[EventType "team-swiss"]
[EventRounds "6"]
[EventCountry "GER"]
[SourceTitle "CBM 110 Extra"]
[Source "ChessBase"]
[SourceDate "2006.03.10"]
[SourceVersion "2"]
[SourceVersionDate "2006.03.10"]
[SourceQuality "1"]
[WhiteTeam "Duesseldorf SF 75 U14 Girls"]
[BlackTeam "Leipzig Lindenau U14 Girls"]
[WhiteTeamCountry "GER"]
[BlackTeamCountry "GER"]

1. e4 e5 2. Nf3 Nc6 3. Bc4 Bc5 4. Nc3 Nf6 5. d3 d6 6. Bg5 h6 7. Bh4 0-0 8. Nd5 a6 9. Nxf6+ gxf6 10. 0-0 Nd4 11. Nxd4 Bxd4 12. c3 b5 13. Bd5 Rb8 14. cxd4 exd4 15. Qh5 Kg7 16. f4 Be6 17. Bxe6 fxe6 18. e5 dxe5 19. fxe5 fxe5 20. Bxd8 Rbxd8 21. Rxf8 Rxf8 22. Qxe5+ Kg8 23. Qxe6+ Kh8 24. Rf1 Rxf1+ 25. Kxf1 c5 26. Qe5+ Kh7 27. Qxc5 Kg7 28. Qd6 a5 29. Qxd4+ Kf7 30. Qd6 Ke8 31. Qc7 a4 32. Kf2 b4 33. Qc6+ Kf7 34. Qxa4 Kg7 35. Qxb4 Kh7 36. Qd6 Kg7 37. Qe6 Kh7 38. Qf6 h5 39. Kf3 h4 40. Kg4 Kg8 41. Qe7 Kh8 42. Kg5 Kg8 43. Kg6 Kh8 44. Qh7# 1-0

[Event "GER-chT U14 Girls"]
[Site "Dittrichshuette"]
[Date "2005.12.27"]
[Round "1.3"]
[White "Baehr, Madeleine"]
[Black "Veelders, Wiebke"]
[Result "0-1"]
[WhiteElo "933"]
[BlackElo "968"]
[PlyCount "46"]
[EventDate "2005.12.27"]
[EventType "team-swiss"]
[EventRounds "6"]
[EventCountry "GER"]
[SourceTitle "CBM 110 Extra"]
[Source "ChessBase"]
[SourceDate "2006.03.10"]
[SourceVersion "2"]
[SourceVersionDate "2006.03.10"]
[SourceQuality "1"]
[WhiteTeam "Leipzig Lindenau U14 Girls"]
[BlackTeam "Nordhorn Blanke U14 Girls"]
[WhiteTeamCountry "GER"]
[BlackTeamCountry "GER"]

1. e4 e6 2. Nf3 d5 3. Bd3 c5 4. b3 Nc6 5. Bb2 Nf6 6. Nc3 Bd6 7. Qe2 0-0 8. e5 Nd4 9. Nxd4 cxd4 10. exf6 Qxf6 11. Nb5 Be5 12. c3 dxc3 13. Nxc3 a6 14. Rb1 b5 15. Nd1 d4 16. Be4 Rb8 17. 0-0 Qh6 18. g3 f5 19. f4 fxe4 20. Qxe4 Bf6 21. Bxd4 Bb7 22. Qe3 Qh3 23. Nc3 Qg2# 0-1

[Event "GER-chT U14 Girls"]
[Site "Dittrichshuette"]
[Date "2005.12.27"]
[Round "2.3"]
[White "Zacherl, Viktoria"]
[Black "Baehr, Madeleine"]
[Result "1/2-1/2"]
[WhiteElo "860"]
[BlackElo "933"]
[PlyCount "79"]
[EventDate "2005.12.27"]
[EventType "team-swiss"]
[EventRounds "6"]
[EventCountry "GER"]
[SourceTitle "CBM 110 Extra"]
[Source "ChessBase"]
[SourceDate "2006.03.10"]
[SourceVersion "2"]
[SourceVersionDate "2006.03.10"]
[SourceQuality "1"]
[WhiteTeam "Vaterstetten SC U14 Girls"]
[BlackTeam "Leipzig Lindenau U14 Girls"]
[WhiteTeamCountry "GER"]
[BlackTeamCountry "GER"]

1. e4 e5 2. Nf3 Nc6 3. Bc4 Bc5 4. Nc3 Nd4 5. 0-0 Qf6 6. d3 Nh6 7. Bg5 Nxf3+ 8. Qxf3 Qxg5 9. Nb5 0-0 10. Nxc7 Rb8 11. Nb5 d6 12. c3 Bg4 13. Qg3 g6 14. h4 Qf4 15. Qxf4 exf4 16. d4 Bb6 17. Nxd6 Bh5 18. f3 g5 19. g4 Bg6 20. h5 Bxe4 21. Nxe4 Rbe8 22. Nf6+ Kg7 23. Nxe8+ Rxe8 24. Bb5 Re3 25. a3 a6 26. Bc4 Bc7 27. a4 f5 28. Bd5 b6 29. Bb7 a5 30. Rad1 fxg4 31. fxg4 Nxg4 32. Bc8 Nf6 33. c4 Nxh5 34. d5 Ng3 35. d6 Bd8 36. d7 Nxf1 37. Kxf1 Rf3+ 38. Ke2 Re3+ 39. Kd2 Re4 40. Rc1 1/2-1/2

[Event "Sachsen-ch U16 Girls"]
[Site "Sebnitz"]
[Date "2005.03.30"]
[Round "4"]
[White "Baehr, Madeleine"]
[Black "Geissler, Angie"]
[Result "0-1"]
[WhiteElo "936"]
[BlackElo "1134"]
[PlyCount "132"]
[EventDate "2005.03.29"]
[EventType "swiss"]
[EventRounds "7"]
[EventCountry "GER"]
[SourceTitle "EXT 2007"]
[Source "ChessBase"]
[SourceDate "2006.11.23"]
[SourceVersion "1"]
[SourceVersionDate "2006.11.23"]
[SourceQuality "1"]

1. e4 e5 2. Nf3 Nc6 3. Bc4 Bc5 4. Nc3 a6 5. d3 h6 6. Bd2 d6 7. Qe2 Bg4 8. Be3 Bd4 9. h3 Bh5 10. g4 Bg6 11. Bxd4 exd4 12. Nd5 Ne5 13. Nxe5 dxe5 14. h4 f6 15. f4 Ne7 16. h5 Bf7 17. Nxe7 Qxe7 18. Bxf7+ Qxf7 19. 0-0 0-0-0 20. fxe5 Qe6 21. Rf5 Rd7 22. Raf1 Rf7 23. Qf2 Rhf8 24. Qxd4 Qb6 25. Qxb6 cxb6 26. e6 Re7 27. e5 Rxe6 28. d4 Rc6 29. c3 Kd7 30. d5 Rc4 31. e6+ Ke7 32. Kh2 Rxg4 33. Kh3 Rg5 34. Rxg5 hxg5 35. Kg4 Kd6 36. c4 b5 37. b3 bxc4 38. bxc4 b5 39. Rf5 bxc4 40. Rf2 Kxd5 41. Kf5 Re8 42. Rd2+ Kc5 43. Rd7 Kc6 44. Rxg7 c3 45. Kxf6 c2 46. Kf7 Rxe6 47. Kxe6 c1Q 48. h6 Qc4+ 49. Kf5 Qf4+ 50. Kg6 g4 51. Rf7 Qe4+ 52. Rf5 g3 53. Kg5 g2 54. Rf6+ Kb5 55. Rf5+ Kc4 56. h7 g1Q+ 57. Kf6 Qh4+ 58. Ke6 Qxh7 59. Rf4+ Qd4 60. Rxd4+ Kxd4 61. Kd6 Qh6+ 62. Ke7 Kd5 63. a3 Qe6+ 64. Kd8 Qf7 65. Kc8 Kc6 66. Kd8 Qd7# 0-1

[Event "Sachsen-ch U16 Girls"]
[Site "Sebnitz"]
[Date "2005.03.30"]
[Round "3"]
[White "Pfefferkorn, Katja"]
[Black "Baehr, Madeleine"]
[Result "1-0"]
[WhiteElo "1316"]
[BlackElo "936"]
[PlyCount "91"]
[EventDate "2005.03.29"]
[EventType "swiss"]
[EventRounds "7"]
[EventCountry "GER"]
[SourceTitle "EXT 2007"]
[Source "ChessBase"]
[SourceDate "2006.11.23"]
[SourceVersion "1"]
[SourceVersionDate "2006.11.23"]
[SourceQuality "1"]

1. e4 e5 2. Nf3 Nc6 3. Bc4 Nf6 4. Ng5 Qe7 5. Nc3 d6 6. Nxf7 Rg8 7. Ng5 Bg4 8. f3 Bd7 9. Bxg8 Nxg8 10. d3 0-0-0 11. Nxh7 Qh4+ 12. g3 Qxh7 13. Bg5 Re8 14. Qd2 Nd4 15. Qf2 c5 16. 0-0-0 Qh5 17. f4 Bg4 18. Rde1 exf4 19. Bxf4 Ne6 20. Be3 Re7 21. d4 Rf7 22. Qd2 cxd4 23. Bxd4 Nxd4 24. Qxd4 Qg5+ 25. Kb1 Be6 26. Qxa7 Kc7 27. Rd1 Bg4 28. Nd5+ Kc8 29. Qa8+ Kd7 30. Qxb7+ Ke6 31. Qc8+ Rd7 32. Rdf1 Ne7 33. Nf4+ Kf7 34. Nh3+ Kg8 35. Qxf8+ Kh7 36. Nxg5+ Kg6 37. Qf4 Bh5 38. g4 Ra7 39. gxh5+ Kxh5 40. Ne6 Ra5 41. Nxg7+ Kg6 42. Rhg1+ Kh7 43. Qh4+ Kg8 44. Qxe7 Re5 45. Ne6+ Kh8 46. Qg7# 1-0